| 000 | 01016nmc a2200313 a 4500 | ||
|---|---|---|---|
| 003 | AR-BaBNM | ||
| 005 | 20251128205902.0 | ||
| 008 | 271020s1994 ||||||||||||||000 | spa|| | ||
| 020 | _a950-99711-9-7 | ||
| 040 | _cAR-BaBNM | ||
| 100 | 1 |
_aBarco Centenera, Martín del _d1535-1602 |
|
| 245 | 1 | 0 | _aLa Argentina, o, La conquista del Río de la Plata |
| 246 | 1 | _aLa conquista del Río de la Plata | |
| 260 |
_aBuenos Aires _bTheoría _bSecretaría de Cultura de la Nación _c1994 |
||
| 300 | 0 | _a321 p. | |
| 490 | 0 |
_aIdentidad nacional _vv. 32 |
|
| 500 | 0 | _aNotas p. 315-320 | |
| 650 | 4 | _aPERIODO HISPANICO | |
| 650 | 4 | _aDESCUBRIMIENTO DEL RIO DE LA PLATA | |
| 650 | 4 | _aCONQUISTA DEL RIO DE LA PLATA | |
| 650 | 4 | _aADELANTADOS DEL RIO DE LA PLATA | |
| 650 | 4 | _aABORIGENES ARGENTINOS | |
| 650 | 4 | _aINSTITUCIONES HISPANOAMERICANAS | |
| 650 | 4 | _aHISTORIA SOCIAL | |
| 700 | 1 |
_aCarretero, Andrés M. _eprologuista |
|
| 800 | 1 |
_aSchroder Olivera, Jorge Luis _ecoordinador |
|
| 942 | _cBK | ||
| 998 | _cMariana | ||
| 999 |
_c13153 _d13153 |
||